Study on the process and surveying methods of establishing topographic map in sraekhum ommune, kaevseima district, mondolkiri province, ការសិក្សាអំពីដំណើរការ និងវិធីសាស្រ្តនៃការវាស់វែង កសាងប្លង់ឋានលេខា នៅឃុំស្រែខ្ទុម ស្រុកកែវសីមា ខេត្តមណ្ឌលគីរី. (Record no. 4920)

000 -LEADER
fixed length control field 00843nam a22001337a 4500
040 ## - CATALOGING SOURCE
Transcribing agency RUA
082 ## - DEWEY DECIMAL CLASSIFICATION NUMBER
Classification number AED KEO 2012 B251 Or.1
100 ## - MAIN ENTRY--AUTHOR NAME
Personal name KEO SODARON ;កែវ សុដារ៉ន់
245 ## - TITLE STATEMENT
Title Study on the process and surveying methods of establishing topographic map in sraekhum ommune, kaevseima district, mondolkiri province, ការសិក្សាអំពីដំណើរការ និងវិធីសាស្រ្តនៃការវាស់វែង កសាងប្លង់ឋានលេខា នៅឃុំស្រែខ្ទុម ស្រុកកែវសីមា ខេត្តមណ្ឌលគីរី.
260 ## - PUBLICATION, DISTRIBUTION, ETC. (IMPRINT)
Place of publication Phnom Penh
Name of publisher RUA
Year of publication 2012
300 ## - PHYSICAL DESCRIPTION
Number of Pages xi ; 58p.
Other physical details ill.
Dimensions 29cm.
856 ## - ELECTRONIC LOCATION AND ACCESS
Uniform Resource Identifier https://drive.google.com/file/d/1-Y7PzhK-tXpdn5CugSiOKzqvGvgaSgyi/view?usp=sharing
942 ## - ADDED ENTRY ELEMENTS (KOHA)
Koha item type AED
952 ## - LOCATION AND ITEM INFORMATION (KOHA)
Withdrawn status [LOCAL, KOHA] 0
952 ## - LOCATION AND ITEM INFORMATION (KOHA)
Withdrawn status [LOCAL, KOHA] 0
952 ## - LOCATION AND ITEM INFORMATION (KOHA)
Withdrawn status [LOCAL, KOHA] 0
952 ## - LOCATION AND ITEM INFORMATION (KOHA)
Withdrawn status [LOCAL, KOHA] 0
952 ## - LOCATION AND ITEM INFORMATION (KOHA)
Withdrawn status [LOCAL, KOHA] 0
952 ## - LOCATION AND ITEM INFORMATION (KOHA)
Withdrawn status [LOCAL, KOHA] 0
952 ## - LOCATION AND ITEM INFORMATION (KOHA)
Withdrawn status [LOCAL, KOHA] 0
Holdings
Permanent Location Date acquired Koha item type Lost status Shelving location Barcode Current Location Full call number
Library Block B2015-12-21AED B251RUA010111Library Block BAED KEO 2012 B251 Or.1
Library Block B2015-12-21AED B251RUA010039Library Block BAED KEO 2012 B251 Or.2
Library Block B2015-12-21AED B251RUA010537Library Block BAED KEO 2012 B251 Or.3
Library Block B2015-12-21AED B251RUA010319Library Block BAED KEO 2012 B251 Or.4
Library Block B2015-12-21AED B251RUA010320Library Block BAED KEO 2012 B251 Or.5
Library Block B2016-01-06AED B251RUA010252Library Block BAED KEO 2012 B251 Or.6
Library Block B2016-01-06AED B251RUA010179Library Block BAED KEO 2012 B251 Or.7
មជ្ឈមណ្ឌលឯការនៃសាកលវិទ្យាល័យភូមិន្ទកសិកម្មចំការដូង

Powered by Koha